000 00294 a2200145 4500
001 180169
020 _a
040 _cMagnum
100 _aVieira, Regina
240 1 0 _aO gato solitario
_lpor
245 1 0 _aO gato solitario
362 0 _a1899
697 _aMAGNITO: I/ANIMAIS
942 _cBK
999 _c180169
_d180169